| 000 | 00998nam a2200265Ia 4500 | ||
|---|---|---|---|
| 003 | OSt | ||
| 005 | 20220923211544.0 | ||
| 006 | a|||||r|||| 00| 0 | ||
| 007 | ta | ||
| 008 | 220922b |||||||| |||| 00| 0 hin d | ||
| 020 |
_a9789383513840 (hbk) _c350 |
||
| 024 | _a289,657 | ||
| 037 |
_b100, 09/03/2016, Mallika Books _cTextual |
||
| 040 |
_aARTS _cARTS _bhin |
||
| 041 |
_2hin _ahin |
||
| 082 | _aO152,1N247x, Q5 | ||
| 100 |
_aमिश्र, रामदरश; मिश्र, सविता, संपा. _9160766 |
||
| 245 | 0 | _aअपना रास्ता | |
| 246 | _aApanā rāstā | ||
| 260 |
_aनई दिल्ली _b स्वराज प्रकाशन _c2015 |
||
| 300 |
_a140पृ. _ccm. |
||
| 650 |
_aहिन्दी साहित्य _9156264 |
||
| 942 |
_hO152,1N247x, Q5 _cTEXL _2CC |
||
| 999 |
_c300720 _d300720 |
||